| 000 | 01464fam a2200325 a 4500 | ||
|---|---|---|---|
| 001 | 1716961 | ||
| 005 | 20150717111919.0 | ||
| 008 | 950602s1995 nyuaf b 001 0 eng | ||
| 010 | _a 95030353 | ||
| 020 | _a0449908321 | ||
| 035 | _a(OCoLC)32698921 | ||
| 035 | _a(OCoLC)ocm32698921 | ||
| 035 | _a(NNC)1716961 | ||
| 040 |
_aDLC _cDLC _dDLC _dNNC _dOrLoB |
||
| 050 | 0 | 0 |
_aQ172.5.C45 _bC68 1995 |
| 082 | 0 | 0 |
_a501/.1 _220 |
| 100 | 1 |
_aCoveney, Peter _q(Peter V.) _918365 |
|
| 245 | 1 | 0 |
_aFrontiers of complexity : _bthe search for order in a chaotic world / _cPeter Coveney and Roger Highfield ; foreword by Baruch Blumberg. |
| 250 | _a1st ed. | ||
| 260 |
_aNew York, NY : _bFawcett Columbine, _c1995. |
||
| 300 |
_axviii, 462 p., [8] p. of plates : _bill. (some col.) ; _c24 cm. |
||
| 504 | _aIncludes bibliographical references (p. [435]-444) and index. | ||
| 520 | _aIn this groundbreaking new book, Peter Coveney and Roger Highfield, the scientist coauthors of the highly praised The Arrow of Time, explore how complexity in mathematics, physics, biology, chemistry, and even the social sciences is transforming not only the way we think about the universe, but also the very assumptions that underlie conventional science. | ||
| 650 | 0 |
_aChaotic behavior in systems. _914155 |
|
| 650 | 0 |
_aComplexity (Philosophy) _918366 |
|
| 650 | 0 |
_aReductionism. _911376 |
|
| 700 | 1 |
_aHighfield, Roger. _918367 |
|
| 900 | _bTOC | ||
| 942 |
_2lcc _cMONOGRAPH |
||
| 999 |
_c122992 _d122992 |
||